| 000 | 00510nam a2200181Ia 4500 | ||
|---|---|---|---|
| 003 | GCL | ||
| 008 | 140319s9999 xx 000 0 ara d | ||
| 040 |
_aGCL / _cGCL |
||
| 082 | 0 | 4 |
_a811.9 _bص ا |
| 100 | 1 | _aصلاح جاهين | |
| 245 | 1 | 0 |
_aاشعار واغانى مسرحية القاهرة فى الف عام / _cصلاح جاهين |
| 300 | _a59 ص | ||
| 490 |
_a100 قصة _v0 |
||
| 650 | 0 | 4 | _aالادب العربى |
| 650 | 0 | 4 | _aالمسرحيات |
| 650 | 0 | 4 | _aالدراما |
| 942 |
_2ddc _cBK |
||
| 999 |
_c45288 _d45288 |
||